[Event "Olympiad Women 2024"]
[Site "Budapest HUN"]
[Date "2024.09.11"]
[Round "1.59"]
[Board "1"]
[White "Yavo Tchetche, Marie"]
[Black "Roy, Ali"]
[Result "0-1"]
[WhiteElo "1686"]
[BlackElo "1961"]
[PlyCount "132"]
[EventDate "2024.09.11"]
[WhiteTeam "Cote d’Ivoire"]
[BlackTeam "Scotland"]
[BlackTeamCountry "SCO"]

1. d4 d5 2. Nf3 Nf6 3. g3 e6 4. Bg2 Be7 5. Nbd2 O-O 6. O-O c5 7. c3 Nc6 8. Nb3 b6 9. Re1 Bb7 10. Bf4 ({RR} 10. Bg5 Rc8 11. e3 Ne4 12. Bxe7 Qxe7 13. Nfd2 Nf6 14. Nc1 Rc7 15. Nd3 Rfc8 16. a3 Ba6 17. Nf3 Bxd3 18. Qxd3 h6 19. Nd2 Rd8 20. Rac1 Rd6 21. b4 Rd8 22. Qb1 Rdc8 23. Nb3 cxb4 24. cxb4 Ne8 {½-½ Swicarz,M (2341)-Stark,L (2381) Titled Tuesday intern op 23rd Feb blitz 2021 (9)}) 10... Rc8 11. Rc1 Bd6 $146 ({RR} 11... Ne4 12. Be3 Bd6 13. Nfd2 Nxd2 14. Nxd2 cxd4 15. cxd4 Qf6 16. Nf3 Na5 17. Qd3 Nc4 18. Bg5 Qg6 19. Qxg6 hxg6 20. b3 Na3 21. Rxc8 Rxc8 22. Rc1 Rxc1+ 23. Bxc1 Ba6 24. Bf1 Nc2 25. Bb2 f6 26. Bc3 {0-1 Andersen,N (1940)-Barthel,A (2229) Reykjavik op 2014 (6)}) 12. Bxd6 Qxd6 13. dxc5 bxc5 14. e4 c4 15. exd5 Nxd5 16. Nbd4 Rfd8 17. Nxc6 Qxc6 18. Nd4 Qb6 19. Qe2 a5 20. a4 Qc7 21. Bh3 Nb6 22. Ra1 Qd6 23. Qe5 Qd5 24. Qxd5 Bxd5 25. Bg2 Bxg2 26. Kxg2 Nd7 27. b3 e5 28. Nb5 cxb3 29. Rab1 Nc5 30. Rxe5 Nd3 31. Re2 b2 32. Rd1 Nf4+ 33. gxf4 Rxd1 34. Rxb2 Ra1 35. Nd6 Rd8 36. c4 Kf8 37. c5 Ke7 38. Rb7+ Ke6 39. f5+ Kd5 40. Rxf7 g6 41. fxg6 hxg6 42. Rf4 Rd7 43. Ne4 Ke5 44. Rg4 Rxa4 45. f3 Ra2+ 46. Kg3 Rd1 47. Rg5+ Kd4 48. Kf4 Rxh2 49. Rxg6 Rh4+ 50. Kf5 Rh5+ 51. Kg4 Rd5 52. Ra6 Rg1+ 53. Kf4 Rd8 54. Rf6 a4 55. c6 Rc8 56. Rd6+ Kc4 57. Ke5 a3 58. Nd2+ Kb5 59. Nb3 a2 60. Rd2 a1=Q+ 61. Nxa1 Rxa1 62. Rb2+ Kxc6 63. Rc2+ Kd7 64. Rxc8 Kxc8 65. f4 Kd7 66. Kf6 Ke8 0-1

[Event "Olympiad Women 2024"]
[Site "Budapest HUN"]
[Date "2024.09.11"]
[Round "1.59"]
[Board "2"]
[White "Cooke, Suzie G."]
[Black "Kouassi Edichy Berenice"]
[Result "1-0"]
[WhiteElo "1941"]
[BlackElo "1528"]
[PlyCount "73"]
[EventDate "2024.09.11"]
[WhiteTeam "Scotland"]
[BlackTeam "Cote d’Ivoire"]
[WhiteTeamCountry "SCO"]

1. d4 d5 2. Bf4 Nc6 3. e3 Nf6 4. c3 Bf5 5. Nf3 e6 6. Bb5 Bd6 7. Ne5 Bxe5 8. Bxe5 a6 9. Bxc6+ bxc6 10. Nd2 $146 ({RR} 10. Qa4 O-O 11. Qxc6 Ra7 12. Nd2 Nd7 13. Bg3 Re8 14. Nb3 Bd3 15. a4 Nb6 16. Nc5 h6 17. Nxd3 {1-0 Zierott,J (1682)-Herbold,N (792) Hamburg HSK DWZ op 1st 2002 (1)}) 10... O-O 11. Nb3 Nd7 12. Bg3 Re8 13. O-O Qe7 14. Na5 e5 15. Nxc6 Qd6 16. Nxe5 Nxe5 17. Bxe5 Qb6 18. b4 a5 19. a3 axb4 20. cxb4 Bd7 21. Qf3 c6 22. Qg3 g6 23. Qg5 c5 24. bxc5 Qe6 25. Rfb1 Qf5 26. Qxf5 Bxf5 27. Rb7 Re6 28. a4 f6 29. Bd6 Bc2 30. a5 Bd3 31. Rb6 Kf7 32. a6 Bxa6 33. Raxa6 Rxa6 34. Rxa6 Re8 35. Ra7+ Ke6 36. Rxh7 Ra8 37. g4 1-0

[Event "Olympiad Women 2024"]
[Site "Budapest HUN"]
[Date "2024.09.11"]
[Round "1.59"]
[Board "3"]
[White "Gba, Zotta Marcelle Aurore Regine"]
[Black "Giulian, Rosemary A"]
[Result "0-1"]
[WhiteElo "1427"]
[BlackElo "1922"]
[PlyCount "70"]
[EventDate "2024.09.11"]
[WhiteTeam "Cote d’Ivoire"]
[BlackTeam "Scotland"]
[BlackTeamCountry "SCO"]

1. e4 e6 2. Nf3 d5 3. exd5 exd5 4. d4 Bd6 5. Nc3 c6 6. Be2 Ne7 7. O-O O-O 8. Re1 ({RR} 8. Bg5 f6 9. Bc1 Qe8 10. Re1 Qg6 11. Nh4 Qe8 12. Bd3 Bc7 13. Nf5 Bd8 14. Nd6 Qd7 15. Nxc8 Qxc8 16. Qh5 f5 17. g4 g6 18. Qh3 fxg4 19. Qg2 Nf5 20. Bxf5 Qxf5 21. Bh6 Bh4 22. Kf1 Qxf2+ {0-1 Horny,M (1109)-Zilincan,T (1000) SVK-ch U08 Stara Lubovna 2022 (3)}) 8... Bg4 ({RR} 8... Qc7 9. h3 Bf5 10. Bd3 Bxd3 11. Qxd3 Nd7 12. Bg5 Ng6 13. Re2 h6 14. Bd2 Nf6 15. Qf5 Ne7 16. Qd3 Ng6 17. Qf5 Qd7 18. Qxd7 Nxd7 19. Rae1 Rad8 20. g3 Nf6 21. Kg2 Rde8 22. Ne5 Ne7 23. f4 {½-½ Simon,G (2165)-Bjeloruseps,M (2345) Bad Zwesten op 2nd 1998 (3)}) 9. h3 $146 ({RR} 9. Ne5 Bxe2 10. Qxe2 Nf5 11. Qd3 Ne7 12. Bd2 Na6 13. Ne2 Ng6 14. Ng3 Nc5 15. Qe2 Ne6 16. Nxg6 hxg6 17. c3 Qh4 18. Nf1 Rfe8 19. g3 Qh3 20. Qf3 Nf8 21. Bf4 Bxf4 22. Qxf4 Ne6 23. Qf3 Ng5 {0-1 Da Silva,A (1473)-Pinto,R (2019) BRA-ch Amateur 2014 (2)}) 9... Bh5 10. Ng5 Bg6 11. Bd3 h6 12. Bxg6 Nxg6 13. Nf3 Nd7 14. Ne2 Nf6 15. Ng3 Bxg3 16. fxg3 Ne4 17. g4 Qf6 18. Rf1 Qd6 19. Nd2 Ng3 20. Rf3 Rae8 21. Nf1 Ne2+ 22. Kh1 Nxc1 23. Rxc1 Re7 24. Qd2 Rfe8 25. Ne3 Nh4 26. Rf2 Rxe3 27. Rcf1 f6 28. c3 Qg3 29. Rg1 R8e4 30. a4 Qd6 31. b3 Qe6 32. Rff1 Re2 33. Qd1 R4e3 34. Qc1 Rxh3+ 35. gxh3 Qe4+ 0-1

[Event "Olympiad Women 2024"]
[Site "Budapest HUN"]
[Date "2024.09.11"]
[Round "1.60"]
[Board "1"]
[White "O'Gorman, Alice"]
[Black "Magne Kouokam Sylviane"]
[Result "1-0"]
[WhiteElo "1996"]
[BlackElo "1587"]
[PlyCount "75"]
[EventDate "2024.09.11"]
[WhiteTeam "Ireland"]
[BlackTeam "Cameroon"]
[WhiteTeamCountry "IRL"]
[BlackTeamCountry "CAM"]

1. c4 e5 2. Nc3 Nf6 3. g3 Bc5 4. Bg2 Nc6 5. e3 Nb4 ({RR} 5... a5 6. Nge2 d6 7. O-O O-O 8. h3 h6 9. d3 Re8 10. a3 {½-½ Amin,B (2551)-El Gindy,E (2501) Abu Dhabi op 19th 2009 (9)}) 6. d3 O-O ({RR} 6... a5 7. a3 Nc6 8. Nge2 d6 9. h3 O-O 10. O-O Bb6 11. Rb1 Ne7 12. e4 c6 13. d4 exd4 14. Nxd4 Be6 15. Nxe6 fxe6 16. Qb3 Nd7 17. Na4 Nc5 18. Qxb6 Nxa4 19. Qe3 e5 20. Rd1 Qc7 21. b3 {½-½ Gerlach,F (2072)-Weigand,A (1872) GER-ch Youth-A 2022 (1)}) 7. a3 Na6 $146 ({RR} 7... Nc6 8. b4 Be7 9. Nge2 d6 10. O-O Re8 11. b5 Nb8 12. a4 c6 13. a5 d5 14. a6 d4 15. axb7 Bxb7 16. exd4 exd4 17. Ne4 Nxe4 18. Bxe4 Bf6 19. Nf4 a6 20. bxc6 Nxc6 21. Nd5 a5 22. Rb1 {1-0 Comp Milano Pro-Hanken,J (2180) American op comp 1996}) ({RR} 7... Nc6 8. b4 Be7 9. Bb2 d6 10. h3 Qd7 11. Nge2 a6 12. O-O g6 13. Nd5 Nxd5 14. cxd5 Nd8 15. d4 f6 16. Rc1 b6 17. Kh2 Nf7 18. Ng1 Ng5 19. f4 exf4 20. exf4 Nf7 21. Qe2 Re8 22. Rfe1 {½-½ Hillgaertner,W (2043)-Rupprecht,J Hungen op 2002}) 8. b4 Nxb4 9. axb4 Bxb4 10. Qb3 c5 11. Nge2 d6 12. O-O Re8 13. Ba3 a5 14. Nd5 Bg4 15. Nec3 Rb8 16. f4 Bd7 17. fxe5 Nxd5 18. Bxd5 Rxe5 19. Bxf7+ Kh8 20. Ne4 Qe7 21. Bd5 Be6 22. Bxe6 Rxe6 23. Bb2 Rg6 24. Qd1 Qh4 25. Qf3 Qe7 26. Qf7 Qxf7 27. Rxf7 b6 28. Raf1 h6 29. Ra7 Re8 30. Rff7 Rg8 31. h4 Be1 32. h5 Rg4 33. Kg2 b5 34. Kf3 Rxe4 35. dxe4 b4 36. Bxg7+ Rxg7 37. Rxg7 Bc3 38. Rgb7 1-0

[Event "Olympiad Women 2024"]
[Site "Budapest HUN"]
[Date "2024.09.11"]
[Round "1.60"]
[Board "2"]
[White "Danwe Maissiri Carole"]
[Black "Mirza, Diana"]
[Result "0-1"]
[WhiteElo "1456"]
[BlackElo "1962"]
[PlyCount "62"]
[EventDate "2024.09.11"]
[WhiteTeam "Cameroon"]
[BlackTeam "Ireland"]
[WhiteTeamCountry "CAM"]
[BlackTeamCountry "IRL"]

1. e4 d5 2. exd5 Qxd5 3. Nf3 Bg4 4. Nc3 Qd8 5. Bc4 e6 6. O-O ({RR} 6. h3 Bxf3 7. Qxf3 c6 8. b3 Nd7 9. Bb2 Ngf6 10. O-O Be7 11. Rfe1 O-O 12. Rad1 Re8 13. d4 Qa5 14. a3 Rad8 15. b4 Qc7 16. Bd3 Nb6 17. Ne4 a5 18. c4 Nbd7 19. Bc3 Nxe4 20. Rxe4 axb4 {0-1 Rambha,G (1750)-Zaulda,V (2132) Nashville Summer Classic 2024 (1.13)}) ({RR} 6. h3 Bxf3 7. Qxf3 c6 8. O-O Nf6 9. d3 Bd6 10. Ne4 Nxe4 11. dxe4 Nd7 12. Qe2 Ne5 13. Bb3 a5 14. a4 O-O 15. f4 Bc5+ 16. Kh1 Ng6 17. f5 exf5 18. exf5 Ne7 19. f6 gxf6 20. Bh6 Ng6 {1-0 Toncheva,N (2212)-Mirza,D (1905) Titled Tuesday intern op 03rd May Late blitz 2022 (2)}) 6... Nf6 7. d4 c6 8. a3 $146 ({RR} 8. Be3 Be7 9. h3 Bxf3 10. Qxf3 O-O 11. Qg3 Bd6 12. f4 Nd5 13. Nxd5 cxd5 14. Bd3 Nd7 15. Qf3 g6 16. f5 Qh4 17. Bf2 Qf4 18. Qxf4 Bxf4 19. fxe6 fxe6 20. Rae1 e5 21. g3 Bg5 22. dxe5 Be7 {1-0 Ladron de Guevara Bravo,P-Martinez Garret,J Malaga-ch 2005 (2)}) 8... Bxf3 9. gxf3 Qc7 10. Ne4 Nbd7 11. c3 g5 12. Kh1 h6 13. b4 Nd5 14. Qd3 O-O-O 15. a4 Nf4 16. Qe3 Nb6 17. Bb3 Nbd5 18. Bxd5 exd5 19. Ng3 Bd6 20. b5 h5 21. Ba3 Bxa3 22. Rxa3 Rhe8 23. Qd2 h4 24. Nf5 Re2 25. Qc1 Nd3 26. Qb1 Nxf2+ 27. Kg2 Ne4+ 28. Kh3 Rxh2+ 29. Kg4 Qf4+ 30. Kh5 Rh8+ 31. Nh6 Nf6# 0-1

[Event "Olympiad Women 2024"]
[Site "Budapest HUN"]
[Date "2024.09.11"]
[Round "1.60"]
[Board "3"]
[White "Gora, Antonina"]
[Black "Tchouateu Tankeu Stephanie"]
[Result "1-0"]
[WhiteElo "1943"]
[BlackElo "1565"]
[PlyCount "87"]
[EventDate "2024.09.11"]
[WhiteTeam "Ireland"]
[BlackTeam "Cameroon"]
[WhiteTeamCountry "IRL"]
[BlackTeamCountry "CAM"]

1. e4 e5 2. Nf3 Nc6 3. Bc4 Nf6 4. d3 Bc5 5. c3 a5 6. Nbd2 d6 7. O-O O-O 8. h3 h6 9. Re1 Re8 ({RR} 9... Be6 10. Bb5 Qb8 11. Nf1 Qa7 12. Re2 a4 13. Ng3 Bb6 14. Bxc6 bxc6 15. Nh4 Kh7 16. Nhf5 Ng8 17. Qd2 f6 18. d4 Rf7 19. Qc2 g6 20. Nh4 Ne7 21. Qd2 g5 22. Nhf5 Nxf5 23. exf5 Bc4 24. dxe5 {½-½ Cheparinov,I (2693)-Hovhannisyan,R (2601) EU-ch 19th Batumi 2018 (7)}) ({RR} 9... Be6 10. a4 Bxc4 11. Nxc4 Re8 12. Be3 b6 13. Bxc5 bxc5 14. Qd2 Qd7 15. Nh4 Nh5 16. Nf5 Ne7 17. Nce3 Nf4 18. Kh2 Nxf5 19. Nxf5 g6 20. Ne3 Kg7 21. d4 Qe6 22. dxc5 dxc5 23. Rad1 Rad8 24. Qxd8 {0-1 Apoorv Kamble (2369)-Lohia,S (2270) Krakow International 2024 (5.18)}) 10. Nf1 d5 $146 ({RR} 10... Be6 11. Bb5 Bd7 12. Ng3 Ne7 13. Bxd7 Qxd7 14. Nh4 Ng6 15. Nhf5 Kh7 16. Qf3 Qe6 17. d4 exd4 18. cxd4 Bb4 19. Re2 d5 20. e5 Ng8 21. Qd3 Qa6 22. Qe3 c5 23. f4 cxd4 24. Qxd4 Qc4 25. Qxc4 {½-½ Rozman,M (2111)-Lohia,S (2185) Nova Gorica op-A 26th 2022 (7)}) ({RR} 10... Ba7 11. Be3 Ne7 12. Bxa7 Rxa7 13. d4 Ng6 14. dxe5 dxe5 15. Qb3 Be6 16. a4 Bxc4 17. Qxc4 Ra6 18. Rad1 Rd6 19. Ne3 Nf4 20. Rxd6 Qxd6 21. Rd1 Qb6 22. b4 c6 23. Nf5 axb4 24. cxb4 Qc7 25. a5 {1-0 Haug,H (2199)-Diller,D (2120) World Rapid Team 2023 (11.10)}) 11. exd5 Nxd5 12. Ng3 Nf6 13. Nd2 a4 14. Nde4 b6 15. Nxc5 bxc5 16. Bb5 Bd7 17. Bxa4 Na5 18. Bxd7 Qxd7 19. Be3 c4 20. b4 cxb3 21. axb3 Nb7 22. Rxa8 Rxa8 23. d4 e4 24. Qc2 Re8 25. c4 Nd6 26. Bf4 Nf5 27. Nxf5 Qxf5 28. Bxc7 Qd7 29. Be5 Qc6 30. Bxf6 Qxf6 31. Rxe4 Rxe4 32. Qxe4 Qb6 33. Qe3 g5 34. d5 Qa6 35. c5 Kf8 36. d6 Qc6 37. Qe7+ Kg7 38. d7 Qxd7 39. Qxd7 Kf6 40. c6 Ke5 41. c7 f5 42. c8=Q Kf6 43. Qh8+ Kg6 44. Qde8# 1-0

[Event "Olympiad Women 2024"]
[Site "Budapest HUN"]
[Date "2024.09.11"]
[Round "1.61"]
[Board "2"]
[White "Mihailova, Alina"]
[Black "Aishath Iva Hassan"]
[Result "1-0"]
[WhiteElo "1969"]
[BlackElo "1422"]
[PlyCount "47"]
[EventDate "2024.09.11"]
[WhiteTeam "Moldova"]
[BlackTeam "Maldives"]
[WhiteTeamCountry "MDA"]
[BlackTeamCountry "MDV"]

1. d4 d5 2. c4 e6 3. Nf3 Nf6 4. g3 Bb4+ 5. Bd2 Be7 6. Bg2 O-O 7. Qc2 c6 8. Nc3 ({RR} 8. Bf4 Nbd7 9. h4 b6 10. Nc3 Ba6 11. cxd5 cxd5 12. O-O b5 13. a3 Rc8 14. Rfc1 Bb7 15. Qb3 a6 16. Na2 Rc4 17. e3 h6 18. Nd2 Rxc1+ 19. Rxc1 Qa8 20. Bc7 Rc8 21. Ba5 Ne8 22. Qd1 Nd6 {1-0 Carlsen,M (2864)-Ding,L (2799) Charity Cup KO rapid 2022 (2.23)}) 8... Nbd7 9. h4 Ng4 $146 ({RR} 9... dxc4 10. Rd1 Nd5 11. Ne4 f5 12. Neg5 N7b6 13. O-O h6 14. Nh3 a5 15. Ne5 Bf6 16. Nxc4 Nxc4 17. Qxc4 Qb6 18. Bc1 Qa6 19. Qxa6 Rxa6 20. Nf4 Rd8 21. Nh5 Be7 22. a3 Rb6 23. Rfe1 g6 24. Bxd5 {½-½ Sivuk,V (2589)-Kozak,A (2504) Spilimbergo op 19th 2021 (3)}) ({RR} 9... dxc4 10. Rd1 Nd5 11. Ne4 c5 12. Neg5 N5f6 13. Bc3 Qc7 14. dxc5 Re8 15. Nxf7 Kxf7 16. Ng5+ Kg8 17. Nxe6 Qb8 18. Ng5 Nf8 19. Bd4 Be6 20. Nxe6 Nxe6 21. Qxc4 Qc8 22. Bh3 Bf8 23. Bxf6 gxf6 24. O-O {1-0 Bluebaum,M (2658)-Georgiadis,N (2547) Mitropa Cup 2024 (3.1)}) ({RR} 9... dxc4 10. Rd1 Nd5 11. Ng5 N7f6 12. Nce4 Nxe4 13. Bxe4 f5 14. Bg2 b5 15. O-O h6 16. Nf3 Bb7 17. b3 cxb3 18. axb3 Rc8 19. e4 Nb4 20. Bxb4 Bxb4 21. exf5 exf5 22. Ne5 Qc7 23. Bh3 Rf6 24. Bxf5 {1-0 Pantzar,M (2421)-Falkevall,A (2209) SWE-ch U20 Helsingborg 2021 (1)}) 10. Ng5 Ngf6 11. e4 e5 12. dxe5 d4 13. exf6 dxc3 14. Bxc3 Bxf6 15. e5 Bxg5 16. hxg5 g6 17. f4 Nc5 18. Rd1 Qb6 19. Bf3 Bf5 20. Qh2 Rfd8 21. Qxh7+ Kf8 22. Qh8+ Ke7 23. Qf6+ Ke8 24. Rh8# 1-0

[Event "Olympiad Women 2024"]
[Site "Budapest HUN"]
[Date "2024.09.11"]
[Round "1.61"]
[Board "3"]
[White "Aini Munthazim"]
[Black "Bargan, Victoria"]
[Result "0-1"]
[WhiteElo "1536"]
[BlackElo "1941"]
[PlyCount "124"]
[EventDate "2024.09.11"]
[WhiteTeam "Maldives"]
[BlackTeam "Moldova"]
[WhiteTeamCountry "MDV"]
[BlackTeamCountry "MDA"]

1. e4 c6 2. d4 d5 3. exd5 cxd5 4. Nf3 Nc6 5. c4 Nf6 6. Nc3 e6 7. cxd5 Nxd5 8. Bb5 Bb4 9. Bd2 O-O 10. O-O Be7 ({RR} 10... Nce7 11. Bd3 Bd7 12. Ne5 Be8 13. Re1 Rc8 14. Qf3 Ng6 15. Bxg6 hxg6 16. Rad1 Bxc3 17. bxc3 f6 18. Ng4 Bf7 19. Rb1 b6 20. h4 Qd7 21. Rec1 Rc4 22. Ne3 Nxe3 23. Bxe3 Rfc8 24. Rb3 Qa4 25. Qe2 {0-1 Kozul,Z (2590)-Lenic,L (2651) AUT-chT 1314 2013 (1.1)}) ({RR} 10... Nce7 11. Re1 b6 12. a3 Bxc3 13. bxc3 Bb7 14. Bd3 Rc8 15. Rc1 Ng6 16. Ng5 Nf6 17. Qe2 Re8 18. Nf3 Re7 19. Ne5 Rec7 20. Nxg6 hxg6 21. a4 Qd5 22. f3 Qd7 23. Qf2 Nd5 24. c4 Ne7 25. a5 {0-1 Baches Garcia,G (2322)-Pultinevicius,P (2587) Titled Tue 23rd Apr Early 2024 (8)}) 11. Re1 a6 12. Bc4 $146 ({RR} 12. Bxc6 bxc6 13. Ne5 Nxc3 14. Bxc3 Qd5 15. Ng4 f6 16. Ne3 Qb5 17. a4 Qb8 18. Qh5 Bd7 19. Rad1 Bd6 20. Nc4 Re8 21. Rd3 g6 22. Qh4 Rf8 23. Rf3 Be7 24. a5 Bd8 25. Qh6 Rf7 26. Bd2 Bc7 {1-0 Nemeth Junior,H (2141)-Kim,T (1938) BRA-ch U2300 Amateurs 2022 (5)}) 12... Nb6 13. Bf1 Nxd4 14. Nxd4 Qxd4 15. Be3 Qxd1 16. Raxd1 Nd7 17. Rd2 Nf6 18. g3 Bd7 19. Bg2 Bc6 20. f3 Rad8 21. Rc2 Rd7 22. Ne2 Nd5 23. Bd2 Nb4 24. Bxb4 Bxb4 25. Rec1 Bd2 26. Rf1 Be3+ 27. Kh1 Bb5 28. Re1 Bd3 29. Rc3 Bd2 30. Rxd3 Rxd3 31. Rd1 Rfd8 32. f4 b6 33. Bf1 R3d6 34. a3 Be3 35. Rxd6 Rxd6 36. Nc3 b5 37. h3 Bc1 38. Ne4 Rd1 39. Kg2 Bxb2 40. Nc5 Bxa3 41. Nxa6 b4 42. Nc5 Rc1 43. Nb3 Rc3 44. Nd4 b3 45. Nb5 Rc2+ 46. Kg1 Bc5+ 47. Kh1 b2 48. Bd3 Rc1+ 49. Kg2 b1=Q 50. Bxb1 Rxb1 51. Nc3 Rb2+ 52. Kf1 f6 53. Na4 Rc2 54. Nxc5 Rxc5 55. Kf2 Rc3 56. h4 e5 57. fxe5 fxe5 58. g4 e4 59. Ke2 Kf7 60. Kd2 Rd3+ 61. Ke2 Ke6 62. g5 Kf5 0-1

[Event "Olympiad Women 2024"]
[Site "Budapest HUN"]
[Date "2024.09.11"]
[Round "1.61"]
[Board "4"]
[White "Petricenco, Ana"]
[Black "Fathmath Zoya Hassan Saeed"]
[Result "1-0"]
[WhiteElo "1894"]
[BlackElo "1406"]
[PlyCount "59"]
[EventDate "2024.09.11"]
[WhiteTeam "Moldova"]
[BlackTeam "Maldives"]
[WhiteTeamCountry "MDA"]
[BlackTeamCountry "MDV"]

1. e4 e6 2. d3 d5 3. Nd2 Nc6 4. Ngf3 Nf6 5. e5 ({RR} 5. a3 a5 6. e5 Nd7 7. d4 f6 8. exf6 Qxf6 9. c3 Bd6 10. Bb5 O-O 11. O-O e5 12. Qb3 Ne7 13. Ne4 Qf5 14. Ng3 Qf6 15. Bg5 Qe6 16. Bxe7 Bxe7 17. Bxd7 Qxd7 18. Nxe5 Qd8 19. Rae1 Ra6 {1-0 Rapport,R (2740)-Ponkratov,P (2577) World Rapid 2022 (5.18)}) ({RR} 5. a3 a5 6. e5 Nd7 7. d4 Be7 8. Nb1 f6 9. exf6 Bxf6 10. Nc3 O-O 11. Be2 Nb6 12. Be3 Bd7 13. O-O Be8 14. Nb5 Be7 15. a4 Bg6 16. b3 Nc8 17. Ne5 Nd6 18. Nxg6 hxg6 19. Nxd6 Bxd6 {½-½ Weber,S (2293)-Ghimpu,S (2467) GRENKE Chess Open 2024 (3.34)}) 5... Nd7 6. Qe2 Bc5 7. g3 $146 ({RR} 7. c3 a5 8. d4 Be7 9. g3 O-O 10. Qb5 f6 11. Bh3 Nb6 12. exf6 Bxf6 13. O-O Bd7 14. Qe2 Qe7 15. Re1 Rae8 16. Nb3 e5 17. Bg2 e4 18. Nfd2 Bc8 19. Nf1 Qf7 20. Bf4 Bd8 21. Ne3 g5 {1-0 Gonzalez Moreno,J (1705)-Ruiz Yanes,J (1520) Tenerife-ch 2015 (7)}) 7... O-O 8. c3 a5 9. Bh3 Qe7 10. O-O Re8 11. d4 Ba7 12. Re1 f6 13. exf6 Nxf6 14. a4 Bd7 15. Ne5 Nd8 16. Nxd7 Nxd7 17. Nf3 h6 18. Bf4 Rc8 19. Rad1 c5 20. dxc5 Qxc5 21. Be3 Qc7 22. Bxa7 b6 23. Rxd5 Qxa7 24. Qb5 Nf6 25. Rd6 Nf7 26. Rdxe6 Qa8 27. Rxe8+ Rxe8 28. Rxe8+ Nxe8 29. Nd4 Nfd6 30. Qxb6 1-0

[Event "Olympiad Women 2024"]
[Site "Budapest HUN"]
[Date "2024.09.11"]
[Round "1.62"]
[Board "2"]
[White "Wahid, Chelsea"]
[Black "Ahmed, Walijah"]
[Result "0-1"]
[WhiteElo "1482"]
[BlackElo "1936"]
[PlyCount "98"]
[EventDate "2024.09.11"]
[WhiteTeam "Saint Lucia"]
[BlackTeam "Bangladesh"]
[BlackTeamCountry "BAN"]

1. d4 d5 2. c4 e6 3. Nc3 Nf6 4. Bg5 c6 5. e3 Nbd7 6. Nf3 Qa5 7. Bxf6 Nxf6 8. Bd3 Bb4 9. Qc2 Ne4 10. Bxe4 dxe4 11. Nd2 f5 12. O-O O-O 13. a3 ({RR} 13. c5 Qd8 14. Nc4 Ba5 15. Nxa5 Qxa5 16. f3 exf3 17. Rxf3 Kh8 18. Ne4 Qc7 19. Nd6 Bd7 20. e4 Be8 21. exf5 exf5 22. Rxf5 Bg6 23. Rxf8+ Rxf8 24. Qe2 b6 25. b4 a5 26. a3 Qd8 27. Rf1 Rxf1+ {1-0 Podkriznik,G (2373)-Brumen,D (2380) SLO-chT 14th 2004 (6)}) 13... Be7 $146 ({RR} 13... Bd6 14. c5 Bb8 15. Nc4 Qc7 16. Nd6 Rf6 17. Qe2 Rh6 18. f3 exf3 19. Qxf3 Qd7 20. Qf4 Rf6 21. Ne2 Bxd6 22. cxd6 Rf8 23. Rf3 Rd8 24. Rg3 Qxd6 25. Qxd6 Rxd6 26. Rf1 Rd8 27. b4 a5 28. h3 {0-1 Dorn,C (918)-Hobusch,A (1531) GER-ch U10 Winterberg 2002 (11)}) 14. Rfd1 Bd7 15. Nf1 Rad8 16. Qb3 Qc7 17. d5 Kh8 18. Rd2 exd5 19. cxd5 Be8 20. dxc6 Bxc6 21. Rad1 h6 22. Nd5 Bxd5 23. Rxd5 Kh7 24. g3 a6 25. R1d4 Qc6 26. Nd2 Bf6 27. Rxd8 Rxd8 28. Rxd8 Bxd8 29. Qc4 Qxc4 30. Nxc4 b5 31. Nd6 g6 32. h3 Bc7 33. Nb7 Bb6 34. g4 Kg7 35. b3 Kf6 36. a4 bxa4 37. bxa4 fxg4 38. hxg4 Kg5 39. Nd6 Kxg4 40. Nxe4 Kf3 41. Nd2+ Ke2 42. Nc4 Bc7 43. f4 g5 44. f5 Kd3 45. Nb2+ Kxe3 46. f6 Kd4 47. Nd1 Bd6 48. Kf2 Ke5 49. f7 Ke6 0-1

[Event "Olympiad Women 2024"]
[Site "Budapest HUN"]
[Date "2024.09.11"]
[Round "1.62"]
[Board "4"]
[White "Richards, TrisAnn"]
[Black "Wadifa, Ahmed"]
[Result "0-1"]
[WhiteElo "1653"]
[BlackElo "1988"]
[PlyCount "38"]
[EventDate "2024.09.11"]
[WhiteTeam "Saint Lucia"]
[BlackTeam "Bangladesh"]
[BlackTeamCountry "BAN"]

1. c4 c5 2. Nc3 Nf6 3. d3 e6 4. g3 d5 5. Bg2 Be7 6. Nf3 Nc6 7. O-O O-O 8. b3 ({RR} 8. Bf4 d4 9. Na4 Nd7 10. a3 e5 11. Bd2 Qc7 12. Rb1 b6 13. b4 Bb7 14. bxc5 bxc5 15. e3 Rab8 16. exd4 cxd4 17. Nh4 Bxh4 18. gxh4 Nd8 19. Bxb7 Nxb7 20. Qf3 Nbc5 21. Nxc5 Nxc5 22. Rb4 Rb6 {1-0 Mohr,G (2503)-Weiss,C (2421) AUT-chT2M 0910 2009 (9.1)}) ({RR} 8. Bg5 h6 9. Bxf6 Bxf6 10. cxd5 exd5 11. Qb3 d4 12. Nd5 Re8 13. Nd2 Be5 14. Qb5 Bd6 15. Ne4 Bf8 16. Nxc5 Bxc5 17. Qxc5 Rxe2 18. Rfe1 Rxb2 19. Nc7 Qxc7 20. Re8+ Kh7 21. Rae1 Qa5 22. Be4+ f5 {1-0 Dimitrov,R (2486)-Ospennikov,D (2171) VN Startsev Mem Rapid 2024 (3.5)}) 8... a6 9. Bb2 $146 ({RR} 9. e3 Qc7 10. cxd5 exd5 11. Bb2 {½-½ Waldmann,I-Magyar,O HUN-Open Budapest 1981 (7)}) ({RR} 9. Bd2 d4 10. Nb1 e5 11. Ne1 Bf5 12. f3 h6 13. Na3 Rb8 14. Nac2 Re8 15. a3 a5 16. a4 Bf8 17. Na3 Nb4 18. Nb5 Bd7 19. Qc1 Ra8 20. Nc2 Bc6 21. Nxb4 cxb4 22. Qb2 Bc5 23. Be1 Qd7 {0-1 Jurman,R (2140)-Reimanis,R (2316) Belgrade ChessAmateur op 5th 2019 (1)}) 9... Rb8 10. Nb1 b5 11. Na3 Qb6 12. Ne5 Bb7 13. Nxc6 Bxc6 14. Bh3 Rfd8 15. Qc1 Ba8 16. Be5 Rbc8 17. Nc2 d4 18. Ne1 Nd7 19. Nf3 Bxf3 0-1

[Event "Olympiad Women 2024"]
[Site "Budapest HUN"]
[Date "2024.09.11"]
[Round "1.63"]
[Board "1"]
[White "Sele, Timea"]
[Black "Silva, Mariana"]
[Result "0-1"]
[WhiteElo "1699"]
[BlackElo "2005"]
[PlyCount "84"]
[EventDate "2024.09.11"]
[WhiteTeam "Liechtenstein"]
[BlackTeam "Portugal"]
[WhiteTeamCountry "LIE"]
[BlackTeamCountry "POR"]

1. d4 d5 2. c4 e6 3. Nc3 Nf6 4. cxd5 exd5 5. Bg5 c6 6. e3 h6 7. Bh4 Be7 8. Bd3 O-O 9. Nge2 Nbd7 10. O-O a5 11. f3 b5 12. Qc2 Re8 13. Kh1 ({RR} 13. Bf2 Bb7 14. h3 Rc8 15. Bf5 g6 16. Bxg6 fxg6 17. Qxg6+ Kh8 18. e4 Nh7 19. e5 b4 20. Nd1 Ba6 21. Re1 Rg8 22. Qxh6 Bg5 23. Qd6 Qe8 24. e6 Qg6 25. Bg3 Ndf6 26. Nf2 Be3 27. Qe5 Bxe2 {0-1 Gaal,Z (2341)-Hong,A (2572) Kallai Gabor Mem 2024 (2.1)}) 13... Ba6 14. Rad1 Qb8 $146 ({RR} 14... Qb6 15. Bf2 Rad8 16. e4 dxe4 17. fxe4 Ng4 18. Bg1 Qb8 19. h3 Ngf6 20. e5 Nd5 21. Bh7+ Kh8 22. Rxf7 Nb4 23. Qg6 Bf8 24. Rdf1 Nd5 25. Nxd5 cxd5 26. Nf4 b4 27. Qxa6 Kxh7 28. Qg6+ Kh8 29. Qh5 {1-0 Garcia Herrera,E (2010)-Garv,G (2083) Titled Tuesday intern op 17th Aug blitz 2021 (3)}) 15. e4 b4 16. Nb1 Bxd3 17. Qxd3 dxe4 18. fxe4 Nxe4 19. Qxe4 Bxh4 20. Qxc6 Ra7 21. Nf4 Nf6 22. Qf3 Rae7 23. Rd3 Re1 24. Nd2 Bg5 25. g3 Qc8 26. Rxe1 Rxe1+ 27. Kg2 Bxf4 28. gxf4 Qe8 29. Kf2 h5 30. h3 Rc1 31. Re3 Qd7 32. Nb3 Rc2+ 33. Re2 Rxe2+ 34. Qxe2 a4 35. Nc5 Qxd4+ 36. Qe3 Qxc5 37. Qxc5 Ne4+ 38. Ke3 Nxc5 39. Kd4 Ne6+ 40. Kc4 b3 41. a3 Nxf4 42. Kb4 g5 0-1